000
00337nam a2200133Ia 4500
008
160319s9999 xx 000 0 und d
245
_a
Mega Aerobics Workout /
260
_b
Rock Records Phil.
300
_a
1 video disc :
300
_b
sound, colored ;
300
_c
4 3/4 in.
650
_a
Aerobic exercises.
650
_a
Aerobics.
999
_c
292763
_d
292763